000 00798nam a2200229Ia 4500
003 GCL
005 20240530105343.0
008 140319s9999 xx 000 0 ara d
040 _aGCL /
_cGCL
082 0 4 _a320.101
_bق م
100 1 _aقرقوط ، ذوقان
245 1 0 _aميشيل عفلق : الكتابات الاولى مع دراسة جديدة لسيرة حياته /
_cقرقوط، ذوقان
260 _a[S.N] :
_bالمؤسسة العربية للدراسات والنشر ،
_c1993
300 _a254 ص
650 0 4 _aمصر
650 0 4 _aسوريا
650 0 4 _aالعراق - حزب البعث العربى الاشتراكى
650 0 4 _aالوحدة العربية
650 0 4 _aالقومية العربية
650 0 4 _aميشيل غفلق
942 _2ddc
_cBK
999 _c55223
_d55223